000 01241nam a2200301Ia 4500
001 ebr10314233
003 CaPaEBR
006 m u
007 cr cn|||||||||
008 910426s1992 maua sb 001 0 eng d
010 _z 91016108
020 _z9780674601215
020 _z0674601211 :
040 _aCaPaEBR
_cCaPaEBR
035 _a(OCoLC)73998988
050 1 4 _aTL526.G3
_bF75 1992eb
100 1 _aFritzsche, Peter.
245 1 2 _aA nation of fliers
_h[electronic resource] :
_bGerman aviation and the popular imagination /
_cPeter Fritzsche.
260 _aCambridge, MA :
_bHarvard University Press,
_c1992.
300 _axii, 282 p. :
_bill.
504 _aIncludes bibliographical references (p. 263-277) and index.
533 _aElectronic reproduction.
_bPalo Alto, Calif. :
_cebrary,
_d2009.
_nAvailable via World Wide Web.
_nAccess may be limited to ebrary affiliated libraries.
650 0 _aAeronautics
_zGermany
_xHistory
_y20th century.
650 0 _aAerospace engineering
_zGermany
_xHistory
_y20th century.
655 7 _aElectronic books.
_2local
710 2 _aebrary, Inc.
856 4 0 _uhttp://site.ebrary.com/lib/rucke/Doc?id=10314233
_zAn electronic book accessible through the World Wide Web; click to view
999 _c57819
_d57819